Student Research Conference 2006 : Proceedings in Informatics and Information Technologies
Guardado en:
| Otros Autores: | |
|---|---|
| Formato: | Libro |
| Lenguaje: | inglés |
| Publicado: |
Bratislava
Nakladateľstvo STU
2006
|
| Etiquetas: |
Sin Etiquetas, Sea el primero en etiquetar este registro!
|
MARC
| LEADER | 00000nam a22000003a 4500 | ||
|---|---|---|---|
| 001 | stu118517 | ||
| 005 | 20221207095911.3 | ||
| 008 | 060524s2006----xo------------------eng-d | ||
| 020 | |a 80-227-2395-9 | ||
| 040 | |a STU |b slo | ||
| 041 | 0 | |a eng | |
| 044 | |a xo | ||
| 100 | 1 | |a Bieliková, Mária, |d 1966- |4 edt |u I200 |U FIIT Fakulta informatiky a informačných technológií |T FIIT Ústav informatiky a softvérového inžinierstva |X 1871 |U I200 |Y 179 |7 A000001871 | |
| 245 | 1 | |a Student Research Conference 2006 : |b Proceedings in Informatics and Information Technologies | |
| 260 | |a Bratislava |b Nakladateľstvo STU |c 2006 | ||
| 300 | |a 328 s. | ||
| 996 | |c I*Z7371 |l I |s A |a 24 |w stu118517_0001 | ||
| 996 | |c I*Z7697 |l I |s A |a 24 |w stu118517_0002 | ||
| 996 | |b 284V040888 |c V* 2549/sc-18 |l VVT |s A |a 24 |w stu118517_0003 | ||